National Book Critics Circle Winners, Fiction Quiz Stats

 Plays Quiz not verified by Sporcle

Challenge
Share
Tweet
Embed
Score 0/41 Timer 07:00
0 Plays Today
% Correct
Toni Morrison
81.3%
John Updike
81.3%
John Updike
78.1%
Cormac McCarthy
75%
John Cheever
65.6%
Ian McEwan
65.6%
Junot Diaz
65.6%
Marilynne Robinson
59.4%
E. L. Doctorow
59.4%
Hilary Mantel
56.3%
Jennifer Egan
56.3%
E. L. Doctorow
53.1%
Jane Smiley
46.9%
Carol Shields
46.9%
Edward P. Jones
46.9%
Chimamanda Ngozi Adichie
46.9%
William Kennedy
37.5%
Jonathan Lethem
37.5%
Roberto Bolaño
37.5%
Louise Erdrich
34.4%
Anne Tyler
34.4%
% Correct
Marilynne Robinson
34.4%
E. L. Doctorow
31.3%
Ernest J. Gaines
31.3%
Philip Roth
25%
Alice Munro
25%
W. G. Sebald
25%
Ben Fountain
25%
Bharati Mukherjee
21.9%
Kiran Desai
21.9%
Paul Beatty
21.9%
Reynolds Price
18.8%
Penelope Fitzgerald
18.8%
Jim Crace
18.8%
John Gardner
15.6%
Shirley Hazzard
15.6%
Stanley Elkin
15.6%
Thomas Flanagan
12.5%
Stanley Elkin
12.5%
Edith Pearlman
9.4%
Gina Berriault
6.3%

You're not logged in!

Compare scores with friends on all Sporcle quizzes.
Join for Free
OR
Log In

You Might Also Like...

Show Comments

Extras

Top Quizzes Today


Score Distribution

Your Account Isn't Verified!

In order to create a playlist on Sporcle, you need to verify the email address you used during registration. Go to your Sporcle Settings to finish the process.

Report this User

Report this user for behavior that violates our Community Guidelines.

Details: